000 01000nam a2200253 a 4500
001 82111
003 BD-RjUL
005 20240108113923.0
008 231015s2014 bg a|||| m||| 00| 0 eng d
035 _a(BD-RjUL)82111
040 _aBD-RjUL
_beng
_cBD-RjUL
_dBD-RjUL
041 _aeng
082 _223
_a636.089
_bRAE 2014
100 _aRAHMAN, SHAZIEA
_99542
245 _aEPIDEMIOLOGY AND CONTROL OF MANGE ON GOAT IN RAJSHAHI DISTRICT /
_cSHAZIEA RAHMAN ;
_6Supervisor : Bidhan Chandra Das, Co-Supervisor : Richard Wall.
260 _aRajshahi :
_bDepartment of Zoology, University of Rajshahi,
_c2014.
300 _a[4], xx, 202 leaves :
_bill.;
_c29 cm.
502 _aThesis(Ph.D.)-- Department of Zoology,University of Rajshahi,2014
504 _aReferences : Leaves 176-202
650 _aVeterinary Medicine
_xEpidemiology
_vMange
_zBangladesh
_zRajshahi District
_99543
700 _aDas, Bidhan Chandra, Supervisor
_96370
700 _aWall, Richard, Co-Supervisor
_99544
942 _2ddc
_cTHE
999 _c82111
_d82111